| 000 | 00759nam a2200241 a 4500 | ||
|---|---|---|---|
| 001 | BRCA_5248 | ||
| 005 | 20190320205013.0 | ||
| 008 | 301110s1944----u--a######---#000-0#eng-# | ||
| 041 | _aeng | ||
| 044 | _au | ||
| 050 | 4 |
_aND623 _b.L36 1944 |
|
| 100 | 1 |
_aLangton Douglas, Robert _913447 |
|
| 245 | 1 | 0 |
_aLeonardo da Vinci _bhis life and his pictures _cby R. Langton Douglas. |
| 260 |
_aChicago, Illinois _bUniversity of Chicago _c1944 |
||
| 300 |
_axiii, 127 p. _bil., 57 láminas _c25 cm. |
||
| 500 | _aIncluye índice de ilustraciones, apéndices e índice alfabético | ||
| 500 | _aE68 | ||
| 504 | _aBibliografía: p. 119-122 | ||
| 600 | 1 | 4 |
_aLeonardo da Vinci _d1452-1519 _913448 |
| 650 | 1 | 4 |
_aPintores italianos _97654 |
| 902 | _aGFM | ||
| 942 |
_2lcc _cB |
||
| 999 |
_c4942 _d4942 |
||